LDR 00916naa#a2200181#i#450# 001 EN\INFRA-M\bibl\120321 005 20260702162350.4 011 ## _a2500-3291 100 ## _a20260601b2026####ek#y0engy0150####ca 102 ## _aRU 200 1# _aManaging university–chamber of commerce and industry cooperation through the solidary noo-societal alliance model: a case study of USUE and the Ural CCI _eJournal article 210 1# _aMoscow _cINFRA-M Academic Publishing LLC. _d2026 215 ## _a6 с. 608 ## _aJournal article _2local 675 ## _aЭкономика. Экономические науки. 33 _aЭкономическое положение. Экономическая политика. Управление и планирование в экономике. Производство. Услуги. Цены. 338 _z 700 #1 _aPyankova _gSvetlana Grigorievna 700 #1 _aZorin _gMihail Alekseevich 856 4# _anaukaru.ru _u